| 000 | 00838nam a2200241 i 4500 | ||
|---|---|---|---|
| 001 | 100652 | ||
| 003 | ES-MaACL | ||
| 005 | 20230906182721.0 | ||
| 007 | t| | ||
| 008 | 051004s1980 sp a |||| | spa d | ||
| 080 | _a726.6(460.285 T.) | ||
| 100 | 1 |
_aMateo Gómez, Isabel. _978960 |
|
| 245 | 1 | 3 |
_aLa sillería del coro de la Catedral de Toledo / _cIsabel Mateo Gómez. |
| 260 |
_aToledo : _bInstituto Provincial de Investigaciones y Estudios Toledanos, _c1980. |
||
| 300 |
_a43 p. : _bil. ; _c21 cm. |
||
| 490 | 1 |
_aTemas toledanos ; _v3 |
|
| 610 | 2 | 4 |
_aCatedral Primada de Toledo. _9145491 |
| 650 | 4 |
_aSillerías de coro- _zEspaña. _9149890 |
|
| 710 | 2 |
_aInstituto Provincial de Investigaciones y Estudios Toledanos. _95217 |
|
| 830 | 0 |
_aTemas toledanos ; _v3 _9181269 |
|
| 852 |
_aES-MaACL _j2134-F-7 |
||
| 999 |
_c100652 _d100652 |
||